[Event "ASEAN-ch U20 14th"]
[Site "Chiangmai"]
[Date "2013.06.10"]
[Round "5"]
[White "Pascua, Haridas"]
[Black "Tan, Weiliang"]
[Result "1-0"]
[WhiteElo "2386"]
[BlackElo "2194"]
[PlyCount "97"]
[EventDate "2013.06.08"]
[EventType "swiss"]
[EventRounds "9"]
[EventCountry "THA"]
[SourceTitle "EXT 2014"]
[Source "ChessBase"]
[SourceDate "2013.11.20"]
[SourceVersion "1"]
[SourceVersionDate "2013.11.20"]
[SourceQuality "1"]

1. d4 d5 2. c4 c6 3. Nf3 Nf6 4. e3 e6 5. b3 Nbd7 6. Bd3 Ne4 7. 0-0 Bd6 8. Ba3 Bxa3 9. Nxa3 Qe7 10. Nc2 0-0 11. Ne5 f6 12. Nxd7 Bxd7 13. Bxe4 dxe4 14. Qg4 f5 15. Qg3 e5 16. dxe5 Rae8 17. Rfd1 Bc8 18. f4 exf3 19. gxf3 Qxe5 20. Qxe5 Rxe5 21. f4 Re7 22. Kf2 g5 23. Rd6 c5 24. fxg5 f4 25. e4 Rxe4 26. Re1 Rxe1 27. Nxe1 Kg7 28. Nd3 b6 29. h4 f3 30. Ne5 Rf5 31. Nxf3 Bb7 32. Rd7+ Rf7 33. Rxf7+ Kxf7 34. Ke3 Kg6 35. Kf4 Kh5 36. Ne5 Kxh4 37. Nd7 Bg2 38. Nf6 Bf1 39. Nxh7 Bd3 40. Nf6 Bb1 41. a3 Ba2 42. g6 Bxb3 43. Ke5 Bxc4 44. Nd5 Bd3 45. g7 Bh7 46. Nf6 c4 47. Nxh7 c3 48. g8Q c2 49. Qc4+ 1-0

[Event "ASEAN-ch U20 14th"]
[Site "Chiangmai"]
[Date "2013.06.09"]
[Round "3"]
[White "Tan, Weiliang"]
[Black "Nguyen, Van Hai"]
[Result "0-1"]
[WhiteElo "2194"]
[BlackElo "2353"]
[PlyCount "66"]
[EventDate "2013.06.08"]
[EventType "swiss"]
[EventRounds "9"]
[EventCountry "THA"]
[SourceTitle "EXT 2014"]
[Source "ChessBase"]
[SourceDate "2013.11.20"]
[SourceVersion "1"]
[SourceVersionDate "2013.11.20"]
[SourceQuality "1"]

1. e4 e6 2. d4 d5 3. Nc3 Bb4 4. e5 c5 5. a3 Bxc3+ 6. bxc3 Qc7 7. Qg4 f5 8. Qg3 cxd4 9. cxd4 Ne7 10. Bd2 0-0 11. Bd3 b6 12. Ne2 Ba6 13. Nf4 Qd7 14. h4 Bxd3 15. Qxd3 Nbc6 16. Rh3 Nd8 17. Rg3 Kh8 18. h5 Nf7 19. Ng6+ hxg6 20. hxg6 Kg8 21. gxf7+ Kxf7 22. Qe3 Rh8 23. Ke2 Qb5+ 24. Kf3 Rh5 25. Rh3 Rxh3+ 26. gxh3 Rh8 27. Kg2 Qa4 28. c3 f4 29. Qf3 Qc2 30. Rd1 g5 31. Be1 g4 32. Qxf4+ Nf5 33. Rc1 Qd3 0-1

[Event "Penang op 4th"]
[Site "Penang"]
[Date "2012.12.13"]
[Round "6"]
[White "Tan, Jun Feng"]
[Black "Tan, Weiliang"]
[Result "0-1"]
[WhiteElo "1883"]
[BlackElo "2214"]
[PlyCount "146"]
[EventDate "2012.12.11"]
[EventType "swiss"]
[EventRounds "9"]
[EventCountry "MAS"]
[SourceTitle "EXT 2014"]
[Source "ChessBase"]
[SourceDate "2013.11.20"]
[SourceVersion "1"]
[SourceVersionDate "2013.11.20"]
[SourceQuality "1"]

1. e4 c5 2. Nf3 d6 3. Bb5+ Bd7 4. Bxd7+ Qxd7 5. c4 Nc6 6. d4 cxd4 7. Nxd4 g6 8. Nc3 Bg7 9. Be3 Nf6 10. f3 0-0 11. 0-0 Rac8 12. b3 a6 13. Rc1 Qd8 14. Qd2 Re8 15. Rfd1 Nd7 16. Nde2 Qa5 17. Nd5 Qxd2 18. Rxd2 Nce5 19. Rcd1 Kf8 20. Nd4 e6 21. Nc3 Nc5 22. Nde2 Ke7 23. Rc2 h6 24. Bd4 Bf6 25. Rcd2 g5 26. Nc1 Red8 27. Kf1 Rc6 28. Kg1 Rb8 29. a4 Rg8 30. Kf1 h5 31. Kg1 Ned7 32. Bxf6+ Nxf6 33. Re1 Nfd7 34. b4 Nxa4 35. Nxa4 Rxc4 36. Nd3 Rgc8 37. Red1 b5 38. Nab2 Rc3 39. Kf2 R8c6 40. h4 g4 41. Re1 Rc8 42. Nf4 gxf3 43. gxf3 Ne5 44. Re3 Rxe3 45. Kxe3 Rc3+ 46. Ke2 Rxf3 47. Nbd3 Rg3 48. Nxe5 dxe5 49. Nxh5 Rh3 50. Kf2 Rh2+ 51. Ke3 Rh3+ 52. Kf2 Rxh4 53. Ng3 f5 54. Kf3 f4 55. Nf1 Rh3+ 56. Kf2 Rb3 57. Ra2 Rxb4 58. Rxa6 Rxe4 59. Rb6 Rb4 60. Kf3 Rb2 61. Rb8 Kd6 62. Ke4 Re2+ 63. Kf3 Re1 64. Kf2 Rb1 65. Nd2 Rb2 66. Ke1 Kc5 67. Re8 Kd5 68. Rd8+ Kc6 69. Re8 Kd7 70. Rb8 Rb4 71. Rb7+ Kd6 72. Rb8 e4 73. Rd8+ Ke5 0-1

[Event "Asian Continental op 11th"]
[Site "Ho Chi Minh City"]
[Date "2012.05.12"]
[Round "8"]
[White "Tan, Weiliang"]
[Black "Tran, Tuan Minh"]
[Result "0-1"]
[WhiteElo "2222"]
[BlackElo "2266"]
[PlyCount "126"]
[EventDate "2012.05.05"]
[EventType "swiss"]
[EventRounds "9"]
[EventCountry "VIE"]
[SourceTitle "CBM 148 Extra"]
[Source "ChessBase"]
[SourceDate "2012.06.22"]
[SourceVersion "1"]
[SourceVersionDate "2012.06.22"]
[SourceQuality "1"]

1. e4 g6 2. d4 Bg7 3. Nc3 d6 4. Be3 Nf6 5. f3 c6 6. a4 Nbd7 7. Qd2 h5 8. Bc4 e6 9. Bb3 d5 10. e5 Ng8 11. Nce2 c5 12. c3 Ne7 13. f4 b6 14. Bc2 Ba6 15. Nf3 cxd4 16. Nexd4 Nf5 17. Ng5 Nxd4 18. Bxd4 Qe7 19. a5 0-0 20. Qe3 Rfb8 21. axb6 axb6 22. Kf2 Bb5 23. h4 Nf8 24. Bxb6 Bc4 25. b4 Qb7 26. Bd4 Ra6 27. Bd3 Rba8 28. Rxa6 Qxa6 29. Bxc4 Qxc4 30. Rd1 Nd7 31. Qe2 Qc6 32. Rd2 Qa4 33. Rb2 Bf8 34. Nf3 Be7 35. Qc2 Qa6 36. Qe2 Qa4 37. Kg3 Bd8 38. Qf2 Qa6 39. b5 Qb7 40. Qc2 Nb6 41. Ra2 Rb8 42. Qb3 Kg7 43. Ng5 Nc8 44. Rb2 Ne7 45. Bc5 Nf5+ 46. Kh3 Rc8 47. Qb4 Bb6 48. Bxb6 Qxb6 49. Nf3 Rc4 50. Qb3 Rxf4 51. Qd1 Qe3 52. Rb4 Qf2 53. Kh2 d4 54. Rxd4 Nxd4 55. cxd4 Re4 56. Kh1 Re2 57. Qg1 Qg3 58. b6 Rb2 59. d5 exd5 60. e6 f6 61. e7 Kf7 62. e8Q+ Kxe8 63. Qe3+ Kd7 0-1

[Event "Ho Chi Minh City HD Bank op 2nd"]
[Site "Ho Chi Minh City"]
[Date "2012.03.07"]
[Round "9"]
[White "Le, Tuan Minh"]
[Black "Tan, Weiliang"]
[Result "1/2-1/2"]
[WhiteElo "2123"]
[BlackElo "2267"]
[PlyCount "78"]
[EventDate "2012.03.02"]
[EventType "swiss"]
[EventRounds "9"]
[EventCountry "VIE"]
[SourceTitle "CBM 147 Extra"]
[Source "ChessBase"]
[SourceDate "2012.04.24"]
[SourceVersion "1"]
[SourceVersionDate "2012.04.24"]
[SourceQuality "1"]

1. d4 d5 2. Nf3 Nf6 3. g3 g6 4. Bg2 Bg7 5. 0-0 0-0 6. Nbd2 a5 7. c4 e6 8. Qc2 b6 9. Rd1 Bb7 10. Ne5 Nbd7 11. Nxd7 Nxd7 12. Nb1 c6 13. Bf4 Rc8 14. Nc3 Ba6 15. cxd5 cxd5 16. Qd2 b5 17. a3 Nb6 18. e4 Qd7 19. Qe2 a4 20. e5 Qb7 21. Na2 b4 22. Qe1 bxa3 23. bxa3 Bc4 24. Rdb1 Bb3 25. Nc1 Nc4 26. Bd2 Nxd2 27. Qxd2 Rfd8 28. Bf3 Rc6 29. Nxb3 axb3 30. Bd1 Rb6 31. Rb2 Rb8 32. Qd3 Bf8 33. a4 Rb4 34. a5 Qa7 35. Rxb3 Rxd4 36. Qf3 Rxb3 37. Bxb3 Bc5 38. Ra2 Qa6 39. Qf6 Re4 1/2-1/2

[Event "Ho Chi Minh City HD Bank op 2nd"]
[Site "Ho Chi Minh City"]
[Date "2012.03.04"]
[Round "4"]
[White "Tan, Weiliang"]
[Black "Nguyen Huynh Tuan, Hai"]
[Result "1-0"]
[WhiteElo "2267"]
[BlackElo "1790"]
[PlyCount "33"]
[EventDate "2012.03.02"]
[EventType "swiss"]
[EventRounds "9"]
[EventCountry "VIE"]
[SourceTitle "CBM 147 Extra"]
[Source "ChessBase"]
[SourceDate "2012.04.24"]
[SourceVersion "1"]
[SourceVersionDate "2012.04.24"]
[SourceQuality "1"]

1. e4 c5 2. Nf3 d6 3. d4 cxd4 4. Nxd4 Nf6 5. Nc3 a6 6. Bg5 e6 7. f4 Be7 8. Qf3 Qc7 9. 0-0-0 Nbd7 10. Bd3 b5 11. Rhe1 Bb7 12. Qg3 b4 13. Nd5 exd5 14. exd5 g6 15. Qh4 Kd8 16. Rxe7 Nxd5 17. Ne6+ 1-0

[Event "Ho Chi Minh City HD Bank op 2nd"]
[Site "Ho Chi Minh City"]
[Date "2012.03.03"]
[Round "3"]
[White "Le, Thanh Tai"]
[Black "Tan, Weiliang"]
[Result "1/2-1/2"]
[WhiteElo "1889"]
[BlackElo "2267"]
[PlyCount "117"]
[EventDate "2012.03.02"]
[EventType "swiss"]
[EventRounds "9"]
[EventCountry "VIE"]
[SourceTitle "CBM 147 Extra"]
[Source "ChessBase"]
[SourceDate "2012.04.24"]
[SourceVersion "1"]
[SourceVersionDate "2012.04.24"]
[SourceQuality "1"]

1. e4 c5 2. Nf3 d6 3. d4 cxd4 4. Nxd4 Nf6 5. Nc3 a6 6. Bg5 e6 7. f4 Qb6 8. Qd2 Nc6 9. 0-0-0 Qxd4 10. Qxd4 Nxd4 11. Rxd4 Be7 12. Be2 Bd7 13. Bxf6 gxf6 14. g4 Bc6 15. f5 0-0-0 16. a4 Bf8 17. Rf1 Kb8 18. Bc4 Bd7 19. Rd3 h5 20. gxh5 Rxh5 21. fxe6 fxe6 22. Rxf6 Be7 23. Rg6 Be8 24. Rg2 Re5 25. Rh3 Bc6 26. Bd3 d5 27. exd5 exd5 28. Re2 Rxe2 29. Nxe2 Bxa4 30. Nd4 Bg5+ 31. Kb1 Bf6 32. c3 Rg8 33. Bc2 Rg1+ 34. Ka2 Bd7 35. Rh7 Be8 36. h3 Rg2 37. Bb3 Bg6 38. Rxb7+ Kxb7 39. Bxd5+ Kb6 40. Bxg2 Bf7+ 41. b3 Kc5 42. Ne2 a5 43. Kb2 Be5 44. Bf3 Be8 45. Be4 a4 46. b4+ Kc4 47. Kc2 Bh5 48. Bd3+ Kd5 49. c4+ Kc6 50. Nc3 Bd6 51. b5+ Kc5 52. Nxa4+ Kb4 53. Nb6 Bf7 54. Nc8 Bg3 55. Nb6 Be6 56. Nd5+ Bxd5 57. cxd5 Kc5 58. Kd2 Kxd5 59. Ke3 1/2-1/2

[Event "Ho Chi Minh City HD Bank op 1st"]
[Site "Ho Chi Minh City"]
[Date "2011.01.09"]
[Round "9"]
[White "Tan, Weiliang"]
[Black "Fernandez, Daniel Howard"]
[Result "1-0"]
[WhiteElo "2246"]
[BlackElo "2351"]
[PlyCount "79"]
[EventDate "2011.01.04"]
[EventType "swiss"]
[EventRounds "9"]
[EventCountry "VIE"]
[SourceTitle "CBM 140 Extra"]
[Source "ChessBase"]
[SourceDate "2011.03.01"]
[SourceVersion "1"]
[SourceVersionDate "2011.03.01"]
[SourceQuality "1"]

1. e4 c6 2. d4 d5 3. Nd2 dxe4 4. Nxe4 Nd7 5. Qe2 Ndf6 6. c3 Qd5 7. f3 Bf5 8. Ng3 Bg6 9. Nh3 Qd7 10. Nf4 Nd5 11. h4 Nxf4 12. Bxf4 h5 13. Ne4 e6 14. g3 Nf6 15. Bg2 Nd5 16. Bd2 Bd6 17. Nxd6+ Qxd6 18. Qe5 Qxe5+ 19. dxe5 0-0 20. c4 Nb6 21. b3 Nd7 22. Bc3 Nc5 23. Ke2 a5 24. Rhd1 Rfc8 25. Rd2 Kf8 26. Rad1 Ke8 27. Bd4 Nd7 28. f4 Bf5 29. Bf3 g6 30. Be3 Rc7 31. a3 Rb8 32. Rc1 b6 33. Rd6 Bg4 34. Bxg4 hxg4 35. h5 gxh5 36. Rh1 Ke7 37. Rxh5 Nf6 38. exf6+ Kxd6 39. Bxb6 Rd7 40. c5# 1-0

[Event "Ho Chi Minh City HD Bank op 1st"]
[Site "Ho Chi Minh City"]
[Date "2011.01.07"]
[Round "7"]
[White "Tan, Weiliang"]
[Black "Xu, Huahua"]
[Result "1-0"]
[WhiteElo "2246"]
[BlackElo "2104"]
[PlyCount "77"]
[EventDate "2011.01.04"]
[EventType "swiss"]
[EventRounds "9"]
[EventCountry "VIE"]
[SourceTitle "CBM 140 Extra"]
[Source "ChessBase"]
[SourceDate "2011.03.01"]
[SourceVersion "1"]
[SourceVersionDate "2011.03.01"]
[SourceQuality "1"]

1. e4 c6 2. d4 d5 3. Nd2 dxe4 4. Nxe4 Bf5 5. Ng3 Bg6 6. Nh3 Nf6 7. Nf4 Nbd7 8. Bc4 Qc7 9. 0-0 Nb6 10. Bb3 Nbd5 11. Nxg6 hxg6 12. Qf3 Rh4 13. c4 Nb6 14. Be3 e6 15. h3 0-0-0 16. Rac1 Be7 17. Rfd1 g5 18. d5 g4 19. hxg4 Rdh8 20. dxe6 fxe6 21. Bf4 e5 22. Bg5 R4h7 23. Bxf6 gxf6 24. c5 Nd5 25. Bxd5 cxd5 26. Qxd5 Qc6 27. f3 Bd8 28. Qxc6+ bxc6 29. b4 Bc7 30. Kf2 a5 31. a3 axb4 32. axb4 Kb7 33. Ne4 Ra8 34. Nxf6 Ra2+ 35. Kg1 Rh8 36. Ne4 Rha8 37. Nd6+ Kb8 38. g5 Rb2 39. Ra1 1-0

[Event "Kecskemet Caissa IM 12"]
[Site "Kecskemet"]
[Date "2010.12.24"]
[Round "10"]
[White "Tan, Weiliang"]
[Black "Heredia Serrano, Carla Sofia"]
[Result "1-0"]
[WhiteElo "2164"]
[BlackElo "2096"]
[PlyCount "47"]
[EventDate "2010.12.17"]
[EventType "tourn"]
[EventRounds "10"]
[EventCountry "HUN"]
[SourceTitle "CBM 140 Extra"]
[Source "ChessBase"]
[SourceDate "2011.03.01"]
[SourceVersion "1"]
[SourceVersionDate "2011.03.01"]
[SourceQuality "1"]

1. e4 e6 2. d4 d5 3. Nc3 Bb4 4. e5 c5 5. Bd2 cxd4 6. Nb5 Bc5 7. Qg4 g6 8. b4 Bf8 9. Nxd4 Bg7 10. f4 Nh6 11. Qg3 Nc6 12. Ngf3 Nxd4 13. Nxd4 Nf5 14. Nxf5 exf5 15. Bb5+ Bd7 16. Bd3 0-0 17. Qe3 f6 18. 0-0 fxe5 19. fxe5 Qc7 20. Rae1 Rae8 21. Qxa7 Bxe5 22. h3 d4 23. Rxe5 Rxe5 24. Qxd4 1-0

[Event "Kecskemet Caissa IM 12"]
[Site "Kecskemet"]
[Date "2010.12.21"]
[Round "7"]
[White "Tan, Weiliang"]
[Black "Meszaros, Gyula"]
[Result "1/2-1/2"]
[WhiteElo "2164"]
[BlackElo "2425"]
[PlyCount "104"]
[EventDate "2010.12.17"]
[EventType "tourn"]
[EventRounds "10"]
[EventCountry "HUN"]
[SourceTitle "CBM 140 Extra"]
[Source "ChessBase"]
[SourceDate "2011.03.01"]
[SourceVersion "1"]
[SourceVersionDate "2011.03.01"]
[SourceQuality "1"]

1. e4 g6 2. d4 Bg7 3. Nc3 c6 4. h3 d6 5. a4 e5 6. dxe5 dxe5 7. Qxd8+ Kxd8 8. Bc4 f6 9. a5 Bh6 10. Bxh6 Nxh6 11. Nf3 Ke7 12. Ke2 Nf7 13. Na4 Nd6 14. Bd3 Be6 15. Nc5 Nd7 16. Nxd7 Kxd7 17. Nd2 c5 18. Ra4 Kc7 19. Ke3 b5 20. axb6+ axb6 21. Rha1 Rxa4 22. Rxa4 Kb7 23. Ba6+ Kb8 24. Bf1 Rd8 25. g3 b5 26. Ra1 Kb7 27. f4 exf4+ 28. gxf4 Kb6 29. Be2 Re8 30. Bf3 Bc8 31. Kf2 Bb7 32. Re1 Nf7 33. h4 c4 34. Rg1 Ra8 35. h5 gxh5 36. Rg7 Nd6 37. e5 fxe5 38. fxe5 Bxf3 39. Nxf3 Ne4+ 40. Ke3 Nc5 41. Rxh7 Ra2 42. Nd4 Rxb2 43. e6 Nxe6 44. Rh6 b4 45. Rxe6+ Kb7 46. Re7+ Kb6 47. Re6+ Kb7 48. Re5 b3 49. c3 h4 50. Rh5 Rb1 51. Nxb3 cxb3 52. Rxh4 Kc6 1/2-1/2

[Event "Kecskemet Caissa IM 12"]
[Site "Kecskemet"]
[Date "2010.12.20"]
[Round "4"]
[White "Tan, Weiliang"]
[Black "Farkas, Tibor"]
[Result "1-0"]
[WhiteElo "2164"]
[BlackElo "2259"]
[PlyCount "73"]
[EventDate "2010.12.17"]
[EventType "tourn"]
[EventRounds "10"]
[EventCountry "HUN"]
[SourceTitle "CBM 140 Extra"]
[Source "ChessBase"]
[SourceDate "2011.03.01"]
[SourceVersion "1"]
[SourceVersionDate "2011.03.01"]
[SourceQuality "1"]

1. e4 c5 2. Nf3 e6 3. d4 cxd4 4. Nxd4 a6 5. Bd3 Bc5 6. Nb3 Be7 7. Be3 d6 8. 0-0 Nf6 9. f4 Nbd7 10. N1d2 b6 11. c3 Bb7 12. Bc2 Qc7 13. Nd4 g6 14. h3 Nc5 15. Qf3 d5 16. e5 Nfe4 17. Nxe4 dxe4 18. Qe2 0-0 19. b4 Nd3 20. Bxd3 exd3 21. Qxd3 Rac8 22. Rac1 Bd5 23. Qd2 Qb7 24. Qf2 Rc4 25. f5 exf5 26. Bh6 Qc8 27. Bxf8 Bxf8 28. Qd2 Bg7 29. Nxf5 gxf5 30. Qxd5 Bh6 31. Rcd1 Be3+ 32. Kh1 f4 33. e6 Qxe6 34. Qg5+ Qg6 35. Rd8+ Kg7 36. Qe5+ f6 37. Qe6 1-0

[Event "Kecskemet Caissa IM 12"]
[Site "Kecskemet"]
[Date "2010.12.19"]
[Round "3"]
[White "Tan, Weiliang"]
[Black "Peredy, Ferenc"]
[Result "1-0"]
[WhiteElo "2164"]
[BlackElo "2205"]
[PlyCount "113"]
[EventDate "2010.12.17"]
[EventType "tourn"]
[EventRounds "10"]
[EventCountry "HUN"]
[SourceTitle "CBM 140 Extra"]
[Source "ChessBase"]
[SourceDate "2011.03.01"]
[SourceVersion "1"]
[SourceVersionDate "2011.03.01"]
[SourceQuality "1"]

1. e4 d6 2. d4 Nf6 3. Nc3 c6 4. g3 e5 5. Bg2 Be7 6. a4 exd4 7. Qxd4 a5 8. Nge2 0-0 9. 0-0 Na6 10. b3 Nb4 11. Qd2 Qc7 12. Ba3 Rd8 13. Rad1 h6 14. h3 b6 15. Rfe1 Bb7 16. f4 Rd7 17. Kh1 Rad8 18. Qc1 Bf8 19. Bb2 Ba6 20. g4 Nh7 21. Ng3 d5 22. Nce2 dxe4 23. Be5 Qc8 24. Rxd7 Qxd7 25. Nxe4 f5 26. gxf5 Qxf5 27. Bc7 Rd7 28. Bxb6 c5 29. N2g3 Qg6 30. Bxa5 Bb7 31. f5 Qa6 32. Bxb4 cxb4 33. Qf4 Qc6 34. Qf2 Rf7 35. Nh5 Qd7 36. Nhg3 Qc7 37. Rd1 Be7 38. Rd2 Bh4 39. Qe3 Qe5 40. f6 Nf8 41. Ne2 Ne6 42. Qd3 gxf6 43. Nd6 Bxg2+ 44. Kxg2 Rg7+ 45. Kh1 Bg5 46. Rd1 Rd7 47. Ng3 Qc5 48. Ngf5 Bf4 49. Qd5 Qxd5+ 50. Rxd5 Kf8 51. a5 Be5 52. Rb5 Bxd6 53. Rd5 Ra7 54. Rxd6 Kf7 55. Nxh6+ Ke7 56. Nf5+ Kf7 57. Nd4 1-0

[Event "Budapest FS12 IM"]
[Site "Budapest"]
[Date "2010.12.12"]
[Round "9"]
[White "Tan, Weiliang"]
[Black "Bakin, Alexander1111"]
[Result "1-0"]
[WhiteElo "2164"]
[BlackElo "2235"]
[PlyCount "65"]
[EventDate "2010.12.04"]
[EventType "tourn"]
[EventRounds "11"]
[EventCountry "HUN"]
[EventCategory "1"]
[SourceTitle "CBM 139 Extra"]
[Source "ChessBase"]
[SourceDate "2011.01.05"]
[SourceVersion "1"]
[SourceVersionDate "2011.01.05"]
[SourceQuality "1"]

1. e4 c6 2. d4 d5 3. Nd2 dxe4 4. Nxe4 Bf5 5. Ng3 Bg6 6. Nh3 Nf6 7. Nf4 e5 8. Nxg6 hxg6 9. dxe5 Qxd1+ 10. Kxd1 Ng4 11. Ne4 Nxe5 12. Be2 Na6 13. c3 Nc5 14. Nxc5 Bxc5 15. f4 0-0-0+ 16. Kc2 Nd7 17. b4 Bb6 18. Bc4 Rhf8 19. a4 Nf6 20. a5 Bc7 21. Be3 a6 22. g3 Nd5 23. Bc5 Rfe8 24. Rhe1 f6 25. Kb3 g5 26. fxg5 fxg5 27. Bd4 Nf6 28. Bf7 Rh8 29. Ba7 Nd7 30. Be6 Rxh2 31. Rad1 b6 32. Rxd7 Rxd7 33. Rd1 1-0

[Event "Budapest FS12 IM"]
[Site "Budapest"]
[Date "2010.12.07"]
[Round "4"]
[White "Tan, Weiliang"]
[Black "Brustkern, Juergen"]
[Result "1-0"]
[WhiteElo "2164"]
[BlackElo "2276"]
[PlyCount "55"]
[EventDate "2010.12.04"]
[EventType "tourn"]
[EventRounds "11"]
[EventCountry "HUN"]
[EventCategory "1"]
[SourceTitle "CBM 139 Extra"]
[Source "ChessBase"]
[SourceDate "2011.01.05"]
[SourceVersion "1"]
[SourceVersionDate "2011.01.05"]
[SourceQuality "1"]

1. e4 g6 2. d4 Bg7 3. Nc3 d6 4. g3 Nc6 5. Be3 e5 6. dxe5 Nxe5 7. h3 Be6 8. Nf3 Nxf3+ 9. Qxf3 c6 10. Rd1 Nf6 11. Bc5 Nd7 12. Bxd6 Qa5 13. Be2 Ne5 14. Qe3 Nc4 15. Bxc4 Bxc4 16. e5 0-0-0 17. f4 f6 18. Qd4 Bd5 19. b4 fxe5 20. fxe5 Qa3 21. Qg4+ Rd7 22. Nxd5 cxd5 23. 0-0 Bxe5 24. Rxd5 Qe3+ 25. Kg2 Bxd6 26. Rxd6 Rhd8 27. Rxd7 Rxd7 28. Rd1 1-0

[Event "Budapest FS12 IM"]
[Site "Budapest"]
[Date "2010.12.06"]
[Round "3"]
[White "Adams, Nick A"]
[Black "Tan, Weiliang"]
[Result "1-0"]
[WhiteElo "2277"]
[BlackElo "2164"]
[PlyCount "91"]
[EventDate "2010.12.04"]
[EventType "tourn"]
[EventRounds "11"]
[EventCountry "HUN"]
[EventCategory "1"]
[SourceTitle "CBM 139 Extra"]
[Source "ChessBase"]
[SourceDate "2011.01.05"]
[SourceVersion "1"]
[SourceVersionDate "2011.01.05"]
[SourceQuality "1"]

1. c4 c6 2. e4 d5 3. exd5 cxd5 4. cxd5 Nf6 5. Nc3 Nxd5 6. Nf3 Nc6 7. Bb5 Qd6 8. 0-0 Bg4 9. d4 e6 10. Qd3 Bf5 11. Qe2 Be7 12. Bc4 0-0 13. Be3 Rac8 14. Bxd5 exd5 15. h3 a6 16. Rac1 b5 17. Nd2 Nb4 18. Qf3 Bd3 19. Rfd1 Bc2 20. Rf1 Bg6 21. Nb3 Nd3 22. Ra1 Rfd8 23. Nc5 Nxc5 24. dxc5 Qc6 25. Rad1 Be4 26. Nxe4 dxe4 27. Qg4 Bf6 28. b3 Rd3 29. Rxd3 exd3 30. Rd1 Rd8 31. f3 g6 32. Qe4 Qd7 33. c6 Qd6 34. Bf4 Qc5+ 35. Kh2 g5 36. c7 Rc8 37. Bg3 Rxc7 38. Bxc7 Qxc7+ 39. f4 gxf4 40. Qf3 Qe5 41. Rxd3 Qa1 42. Qe4 Be5 43. Rd5 Bc7 44. Qe7 Qg7 45. Rg5 f3+ 46. g3 1-0

[Event "Singapore-ch op"]
[Site "Singapore"]
[Date "2010.01.14"]
[Round "6"]
[White "Wong, Shern Yang Jonathan"]
[Black "Tan, Weiliang"]
[Result "0-1"]
[WhiteElo "1934"]
[BlackElo "2185"]
[PlyCount "118"]
[EventDate "2010.01.09"]
[EventType "swiss"]
[EventRounds "7"]
[EventCountry "SIN"]
[SourceTitle "CBM 134 Extra"]
[Source "ChessBase"]
[SourceDate "2010.03.03"]
[SourceVersion "1"]
[SourceVersionDate "2010.03.03"]
[SourceQuality "1"]

1. e4 c5 2. Nf3 d6 3. d4 cxd4 4. Nxd4 Nf6 5. Nc3 a6 6. Be3 e5 7. Nb3 Be6 8. f3 Be7 9. Qd2 h5 10. 0-0-0 Nbd7 11. Nd5 Nxd5 12. exd5 Bf5 13. Bd3 Bxd3 14. Qxd3 Bg5 15. Kb1 Bxe3 16. Qxe3 0-0 17. Nd2 Rc8 18. Ne4 Nb6 19. b3 f5 20. Nf2 Nd7 21. Rd2 b5 22. Nh3 f4 23. Qd3 Qf6 24. Re1 Nc5 25. Qf1 Rf7 26. Nf2 Rfc7 27. Qe2 Rb8 28. Ne4 Nxe4 29. Qxe4 a5 30. Ka1 b4 31. Rc1 Rbc8 32. Kb2 g6 33. Qd3 e4+ 34. Qd4 Qxd4+ 35. Rxd4 exf3 36. gxf3 Rc5 37. h4 Kg7 38. Kb1 Re8 39. Rcd1 Re2 40. R1d2 Rxd2 41. Rxd2 Kf6 42. a3 Ke5 43. axb4 axb4 44. Re2+ Kf5 45. Rg2 Kf6 46. Rd2 g5 47. Rd4 Rb5 48. hxg5+ Kxg5 49. Rd1 Kh4 50. Rh1+ Kg3 51. Rxh5 Kxf3 52. Rf5 Ke4 53. Rf8 Rxd5 54. Re8+ Re5 55. Rb8 f3 56. Rxb4+ Ke3 57. Rb8 Rf5 58. Re8+ Kd2 59. Rd8 d5 0-1

[Event "Asia-chT 16th Tata Steel"]
[Site "Kolkata"]
[Date "2009.12.28"]
[Round "7"]
[White "Tan, Weiliang"]
[Black "Ahmed, Mahtabuddin"]
[Result "0-1"]
[WhiteElo "2168"]
[BlackElo "2171"]
[PlyCount "118"]
[EventDate "2009.12.22"]
[EventType "team-swiss"]
[EventRounds "7"]
[EventCountry "IND"]
[SourceTitle "EXT 2020"]
[Source "ChessBase"]
[SourceDate "2019.10.17"]
[SourceVersion "1"]
[SourceVersionDate "2019.10.17"]
[SourceQuality "1"]
[WhiteTeam "Singapore"]
[BlackTeam "Bangladesh"]
[WhiteTeamCountry "SIN"]
[BlackTeamCountry "BAN"]

1. e4 e5 2. Nf3 Nc6 3. d4 exd4 4. Nxd4 Bc5 5. Be3 Qf6 6. c3 Nge7 7. Bc4 Ne5 8. Be2 d6 9. 0-0 a6 10. f4 N5c6 11. Kh1 0-0 12. Qd3 Ng6 13. Nd2 Ba7 14. g3 Qe7 15. Bf3 Bd7 16. Rfe1 Rfe8 17. Bf2 Qf8 18. Kg2 Kh8 19. Nf1 Nxd4 20. cxd4 d5 21. e5 Bb5 22. Qd2 Bxf1+ 23. Rxf1 Ne7 24. g4 f5 25. g5 g6 26. Kh1 c6 27. Be3 Nc8 28. Rac1 Nb6 29. b3 Nd7 30. Rf2 Qe7 31. Rg1 Kg7 32. h4 Nf8 33. Rh2 Ne6 34. h5 Rh8 35. Rg3 Rag8 36. Rgh3 Qf8 37. Qf2 Qb4 38. hxg6 hxg6 39. Rxh8 Rxh8 40. Rxh8 Kxh8 41. Qh2+ Kg8 42. Qh6 Qe1+ 43. Kg2 Qxe3 44. Qxg6+ Ng7 45. Qf6 Bxd4 46. Qd8+ Kh7 47. g6+ Kxg6 48. Bh5+ Nxh5 49. Qe8+ Kh7 50. Qxh5+ Kg7 51. Qg5+ Kf7 52. Qxf5+ Ke7 53. Qf6+ Kd7 54. Qd6+ Kc8 55. e6 Bc5 56. Qd7+ Kb8 57. Qe8+ Ka7 58. Qf7 d4 59. f5 d3 0-1

[Event "Commonwealth op"]
[Site "Singapore"]
[Date "2009.12.12"]
[Round "6"]
[White "Phadke, Sohan"]
[Black "Tan, Weiliang"]
[Result "0-1"]
[WhiteElo "2214"]
[BlackElo "2163"]
[PlyCount "32"]
[EventDate "2009.12.10"]
[EventType "swiss"]
[EventRounds "9"]
[EventCountry "SIN"]
[SourceTitle "CBM 133 Extra"]
[Source "ChessBase"]
[SourceDate "2010.01.05"]
[SourceVersion "1"]
[SourceVersionDate "2010.01.05"]
[SourceQuality "1"]

1. e4 c5 2. Nf3 d6 3. d4 cxd4 4. Nxd4 Nf6 5. Nc3 a6 6. Bg5 e6 7. f4 Qb6 8. Qd2 Qxb2 9. Rb1 Qa3 10. e5 dxe5 11. fxe5 Nfd7 12. Ne4 h6 13. Bh4 Qxa2 14. Rd1 Qd5 15. Qe3 Bc5 16. Be2 Nc6 0-1

[Event "Commonwealth op"]
[Site "Singapore"]
[Date "2009.12.10"]
[Round "1"]
[White "Tan, Weiliang"]
[Black "Saurabh, Kherdekar"]
[Result "0-1"]
[WhiteElo "2168"]
[BlackElo "2274"]
[PlyCount "70"]
[EventDate "2009.12.10"]
[EventType "swiss"]
[EventRounds "9"]
[EventCountry "SIN"]
[SourceTitle "CBM 133 Extra"]
[Source "ChessBase"]
[SourceDate "2010.01.05"]
[SourceVersion "1"]
[SourceVersionDate "2010.01.05"]
[SourceQuality "1"]

1. e4 e6 2. d4 d5 3. Nc3 Nc6 4. Nf3 Nf6 5. e5 Ne4 6. Bd3 Bb4 7. Bd2 Nxd2 8. Qxd2 f6 9. exf6 Qxf6 10. h4 Bd7 11. h5 0-0-0 12. a3 Bd6 13. Rh4 Rdf8 14. Be2 Bf4 15. Qd3 g5 16. hxg6 hxg6 17. Rxh8 Rxh8 18. b4 g5 19. b5 Ne7 20. g3 Bd6 21. Qe3 g4 22. Ne5 Rh1+ 23. Bf1 Nf5 24. Qf4 Qh8 25. 0-0-0 Bxa3+ 26. Kb1 Qf8 27. Nd3 Bb4 28. Na2 Bd6 29. Qxg4 Bxb5 30. Nc3 Bxd3 31. Bxd3 Ba3 32. Nxd5 Rxd1+ 33. Qxd1 exd5 34. Ka2 Nh6 35. Qh5 Bc1 0-1